[Event "Biel Blitz op 58th"]
[Site "Biel"]
[Date "2025.07.20"]
[Round "6"]
[White "Jehnichen, Kai"]
[Black "Alberti, Milo"]
[Result "1-0"]
[WhiteElo "1992"]
[BlackElo "1753"]
[PlyCount "71"]
[EventDate "2025.07.20"]
[EventType "swiss (blitz)"]
[EventRounds "13"]
[EventCountry "SUI"]
[SourceTitle "CB30_2025"]
[SourceDate "2025.07.23"]
[SourceVersion "1"]
[SourceVersionDate "2025.07.23"]
[SourceQuality "1"]

1. e4 e6 2. d4 d5 3. Nc3 c5 4. Nf3 Nc6 5. exd5 exd5 6. dxc5 Bxc5 7. Bd3 Be6 8. 0-0 Nf6 9. Re1 0-0 10. h3 Nb4 11. Bg5 Qb6 12. Re2 Nd7 13. Na4 Qd6 14. Nxc5 Nxc5 15. Nd4 Nbxd3 16. cxd3 Bd7 17. Be7 Qf4 18. Bxc5 Rfc8 19. Nb3 Bb5 20. Qd2 Qf6 21. Bd4 Qg6 22. Rd1 Bd7 23. Re5 Be6 24. Rg5 Qh6 25. Rxg7+ Qxg7 26. Bxg7 Kxg7 27. Nd4 Bd7 28. Qg5+ Kf8 29. Re1 a6 30. Qh6+ Kg8 31. Re3 Kh8 32. Qf6+ Kg8 33. Qh6 Kh8 34. Rg3 Rg8 35. Qf6+ Rg7 36. Qxg7# 1-0

[Event "Biel Blitz op 58th"]
[Site "Biel"]
[Date "2025.07.20"]
[Round "2"]
[White "Mikavica, Mirko"]
[Black "Alberti, Milo"]
[Result "1-0"]
[WhiteElo "2016"]
[BlackElo "1753"]
[PlyCount "50"]
[EventDate "2025.07.20"]
[EventType "swiss (blitz)"]
[EventRounds "13"]
[EventCountry "SUI"]
[SourceTitle "CB30_2025"]
[SourceDate "2025.07.23"]
[SourceVersion "1"]
[SourceVersionDate "2025.07.23"]
[SourceQuality "1"]

1. d4 Nf6 2. Nf3 e6 3. g3 b6 4. Bg2 Bb7 5. 0-0 Bb4 6. c3 Be7 7. Nbd2 c5 8. Re1 0-0 9. e4 d5 10. e5 Nfd7 11. Nf1 Nc6 12. h4 f6 13. Bh3 f5 14. Ng5 Bxg5 15. Bxg5 Qe8 16. Qd2 Qg6 17. Nh2 cxd4 18. cxd4 h6 19. Bf4 b5 20. a4 bxa4 21. Rxa4 Nb6 22. Raa1 Nc4 23. Qc3 Rfc8 24. b3 Nb6 25. Qd2 a5 1-0

[Event "Biel Blitz op 58th"]
[Site "Biel"]
[Date "2025.07.20"]
[Round "10"]
[White "Vardi, Ilan"]
[Black "Alberti, Milo"]
[Result "1-0"]
[WhiteElo "1844"]
[BlackElo "1753"]
[PlyCount "41"]
[EventDate "2025.07.20"]
[EventType "swiss (blitz)"]
[EventRounds "13"]
[EventCountry "SUI"]
[SourceTitle "CB30_2025"]
[SourceDate "2025.07.23"]
[SourceVersion "1"]
[SourceVersionDate "2025.07.23"]
[SourceQuality "1"]

1. e4 e5 2. Nf3 Nf6 3. Nxe5 d6 4. Nf3 Nxe4 5. Qe2 Qe7 6. d3 Nf6 7. Nc3 Nc6 8. Bg5 Qxe2+ 9. Bxe2 Be7 10. Nb5 Nd5 11. c4 Ncb4 12. cxd5 Bxg5 13. Nxg5 0-0 14. Kd2 a6 15. Nxc7 Ra7 16. a3 Nxd3 17. Bxd3 b5 18. Rac1 f6 19. Ne4 Rf7 20. Ne6 Rfe7 21. Rxc8+ 1-0

[Event "Biel Blitz op 58th"]
[Site "Biel"]
[Date "2025.07.20"]
[Round "4"]
[White "Vemparala, Nikash"]
[Black "Alberti, Milo"]
[Result "1-0"]
[WhiteElo "1997"]
[BlackElo "1753"]
[PlyCount "137"]
[EventDate "2025.07.20"]
[EventType "swiss (blitz)"]
[EventRounds "13"]
[EventCountry "SUI"]
[SourceTitle "CB30_2025"]
[SourceDate "2025.07.23"]
[SourceVersion "1"]
[SourceVersionDate "2025.07.23"]
[SourceQuality "1"]

1. c4 g6 2. g3 Bg7 3. Bg2 Nf6 4. Nc3 d6 5. d3 Nc6 6. e4 0-0 7. Nge2 Bg4 8. h3 Bd7 9. 0-0 e6 10. Be3 a6 11. f4 Rb8 12. a4 a5 13. Qd2 Nb4 14. g4 Bc6 15. Ng3 d5 16. d4 dxe4 17. Ncxe4 Nxe4 18. Nxe4 f5 19. Ng5 Qe7 20. d5 Rbd8 21. Qf2 exd5 22. Bc5 Qf6 23. Bxf8 Bxf8 24. Kh1 dxc4 25. Bxc6 bxc6 26. Rad1 Nd3 27. Qe2 Bd6 28. b3 Nxf4 29. Qxc4+ Kg7 30. Rxf4 Qxg5 31. Rff1 Qe3 32. Qd4+ Qxd4 33. Rxd4 Kf6 34. gxf5 gxf5 35. Rc4 Ke5 36. Rxc6 Kd5 37. Rc4 Rf8 38. Rd1+ Ke5 39. Re1+ Kf6 40. Rc2 h5 41. Rce2 Kg5 42. Rg1+ Kf6 43. Rd2 Rb8 44. Rd3 Rb4 45. Rf1 Rh4 46. Kg2 Rb4 47. Rdf3 Kg6 48. Rxf5 Rxb3 49. Rf6+ Kg7 50. R6f5 Rg3+ 51. Kf2 Kg6 52. Rxa5 Rxh3 53. Ra6 Rh2+ 54. Kf3 Ra2 55. Rc1 Kg5 56. Rg1+ Kf5 57. a5 Ra4 58. Rc1 Ra3+ 59. Kg2 Rg3+ 60. Kf2 Ra3 61. Ra8 Kf4 62. Rc4+ Ke5 63. Rc2 Bc5+ 64. Rxc5+ Kd4 65. Rc2 c5 66. a6 h4 67. a7 h3 68. Rd8+ Ke4 69. a8Q+ 1-0